000 00349nam a2200157Ia 4500
003 OSt
005 20240223154805.0
008 170524s9999 xx 000 0 und d
020 _a978-8126513260
040 _cIIMT UNIVERSITY MEERUT
100 _aHaykin
245 0 _aCommunication Systems
260 _bWiley
260 _c2007
942 _2ddc
_c02
999 _c5169
_d5169